[Event "CZE-chT2C 0910"]
[Site "Czech Republic"]
[Date "2010.01.17"]
[Round "5.8"]
[White "Wunsch, Jiri"]
[Black "Krtous, Zdenek"]
[Result "0-1"]
[WhiteElo "2105"]
[BlackElo "1830"]
[PlyCount "100"]
[EventDate "2009.10.18"]
[EventType "team-tourn"]
[EventRounds "11"]
[EventCountry "CZE"]
[SourceTitle "EXT 2011"]
[Source "ChessBase"]
[SourceDate "2010.11.26"]
[SourceVersion "1"]
[SourceVersionDate "2010.11.26"]
[SourceQuality "1"]
[WhiteTeam "Mlada Boleslav"]
[BlackTeam "Liberec"]
[WhiteTeamCountry "CZE"]
[BlackTeamCountry "CZE"]

1. d4 Nf6 2. c4 e6 3. Nf3 b6 4. e3 Be7 5. Bd3 Bb7 6. Nc3 d5 7. 0-0 0-0 8. b3 Nbd7 9. Bb2 Ne4 10. Qc2 Ndf6 11. Ne5 Nxc3 12. Bxc3 Ne4 13. Bb2 f6 14. Nf3 Rc8 15. Rfd1 Qe8 16. cxd5 exd5 17. Rac1 Bd6 18. Qe2 Rf7 19. Rc2 c6 20. Rdc1 Rfc7 21. Nh4 g6 22. Qg4 Qd7 23. Qxd7 Rxd7 24. Bxe4 dxe4 25. g3 f5 26. Ng2 g5 27. Ne1 Rdc7 28. a3 a5 29. Rd2 Ba6 30. Kg2 Kf7 31. h3 Ke6 32. f3 h5 33. Kf2 h4 34. g4 fxg4 35. fxe4 Rf8+ 36. Kg2 Bf1+ 37. Kg1 Bxh3 38. e5 Rf1+ 39. Kh2 Rcf7 40. Nd3 Rxc1 41. Bxc1 Bb8 42. e4 Bf1 43. Kg1 Bxd3 44. Rxd3 Rd7 45. Bxg5 Bxe5 46. Be3 h3 47. Bf2 Bf4 48. Rc3 c5 49. d5+ Ke5 50. Rc4 g3 0-1

[Event "CZE-chT2b 0607"]
[Site "Czech Republic"]
[Date "2007.03.11"]
[Round "9"]
[White "Wunsch, Jiri"]
[Black "Kuba, Jindrich"]
[Result "0-1"]
[WhiteElo "2170"]
[BlackElo "2260"]
[PlyCount "66"]
[EventDate "2006.10.15"]
[EventType "team"]
[EventRounds "11"]
[EventCountry "CZE"]
[SourceTitle "EXT 2009"]
[Source "ChessBase"]
[SourceDate "2008.11.26"]
[SourceVersion "1"]
[SourceVersionDate "2008.11.26"]
[SourceQuality "1"]

1. e4 c5 2. Nf3 e6 3. d4 cxd4 4. Nxd4 a6 5. Nc3 Qc7 6. g3 Bb4 7. Bd2 Nf6 8. Bg2 Qc4 9. Nde2 d5 10. exd5 0-0 11. dxe6 Bxe6 12. 0-0 Rd8 13. Qe1 Nc6 14. Bg5 Bg4 15. Bxf6 gxf6 16. Nf4 Nd4 17. Rc1 Re8 18. Qd2 Rad8 19. Rfe1 Ne2+ 20. Rxe2 Bxe2 21. Nfd5 Bxc3 22. bxc3 Kg7 23. h3 Bh5 24. Rb1 a5 25. Rxb7 Re5 26. Ne3 Rxd2 27. Nxc4 Re1+ 28. Kh2 Rxf2 29. g4 Ree2 30. gxh5 Rxg2+ 31. Kh1 Rh2+ 32. Kg1 Reg2+ 33. Kf1 Rxc2 0-1

[Event "CZE-chT2b 0607"]
[Site "Czech Republic"]
[Date "2006.11.05"]
[Round "2"]
[White "Hrbolka, Ladislav"]
[Black "Wunsch, Jiri"]
[Result "1/2-1/2"]
[WhiteElo "2145"]
[BlackElo "2170"]
[PlyCount "74"]
[EventDate "2006.10.15"]
[EventType "team"]
[EventRounds "11"]
[EventCountry "CZE"]
[SourceTitle "EXT 2009"]
[Source "ChessBase"]
[SourceDate "2008.11.26"]
[SourceVersion "1"]
[SourceVersionDate "2008.11.26"]
[SourceQuality "1"]

1. e4 e5 2. Nf3 Nc6 3. Bb5 a6 4. Ba4 Nf6 5. 0-0 Be7 6. Re1 b5 7. Bb3 d6 8. c3 0-0 9. h3 Nb8 10. d4 Nbd7 11. Nbd2 Bb7 12. Bc2 Re8 13. Nf1 d5 14. exd5 exd4 15. Nxd4 Bxd5 16. Ne3 Bb7 17. Nef5 Bf8 18. Bg5 Rxe1+ 19. Qxe1 c5 20. Nb3 Qc7 21. Rd1 Re8 22. Qd2 Re6 23. Bf4 Ne5 24. Bxe5 Qxe5 25. Qg5 Kh8 26. Rd8 Ne8 27. Qh4 g6 28. Ne3 Bd6 29. Nf1 Kg7 30. Qg4 Qf6 31. Rd7 Nc7 32. Ne3 Bc6 33. Rxd6 Rxd6 34. Nf5+ Kg8 35. Nxd6 Qxd6 36. Qg5 Ne6 37. Qe3 Kg7 1/2-1/2

[Event "CZE-chT2b 0607"]
[Site "Czech Republic"]
[Date "2006.10.15"]
[Round "1"]
[White "Wunsch, Jiri"]
[Black "Fryc, Miroslav"]
[Result "0-1"]
[WhiteElo "2170"]
[BlackElo "2148"]
[PlyCount "70"]
[EventDate "2006.10.15"]
[EventType "team"]
[EventRounds "11"]
[EventCountry "CZE"]
[SourceTitle "EXT 2009"]
[Source "ChessBase"]
[SourceDate "2008.11.26"]
[SourceVersion "1"]
[SourceVersionDate "2008.11.26"]
[SourceQuality "1"]

1. d4 Nf6 2. c4 g6 3. Nc3 Bg7 4. e4 d6 5. Nf3 0-0 6. Be2 e5 7. 0-0 Nc6 8. d5 Ne7 9. Ne1 Nd7 10. Nd3 f5 11. Bd2 Nf6 12. f3 f4 13. c5 g5 14. cxd6 cxd6 15. Rc1 Ng6 16. Nb5 Rf7 17. Qc2 Ne8 18. a4 h5 19. Nf2 Nh4 20. Qb3 Bf8 21. Rc2 Rg7 22. h3 g4 23. hxg4 a6 24. Na3 Nf6 25. Rfc1 hxg4 26. fxg4 Bxg4 27. Nxg4 Nxg4 28. Bxg4 Rxg4 29. Be1 Qg5 30. Qh3 Re8 31. Rd1 Re7 32. Bxh4 Rxh4 33. Qf3 Reh7 34. Rf1 Rh3 35. Qd1 Qg3 0-1

[Event "CZE-chT2a 0405"]
[Site "Czech Republic"]
[Date "2005.02.06"]
[Round "7.2"]
[White "Roj, Miroslav"]
[Black "Wunsch, Jiri"]
[Result "1/2-1/2"]
[WhiteElo "2217"]
[BlackElo "2130"]
[PlyCount "111"]
[EventDate "2004.10.17"]
[EventType "team"]
[EventRounds "11"]
[EventCountry "CZE"]
[SourceTitle "EXT 2007"]
[Source "ChessBase"]
[SourceDate "2006.11.23"]
[SourceVersion "1"]
[SourceVersionDate "2006.11.23"]
[SourceQuality "1"]
[WhiteTeam "Pisek"]
[BlackTeam "Kladno"]
[WhiteTeamCountry "CZE"]
[BlackTeamCountry "CZE"]

1. d4 d5 2. Nf3 Nf6 3. Bg5 Ne4 4. Bf4 e6 5. Nbd2 Bd6 6. Bxd6 Nxd6 7. e3 0-0 8. Bd3 b6 9. Qe2 c5 10. c3 Bb7 11. h4 Nd7 12. Rh3 f6 13. 0-0-0 e5 14. dxe5 Nxe5 15. Bc2 Qe7 16. h5 Rad8 17. Nh4 Rfe8 18. f4 Nec4 19. Nxc4 dxc4 20. Nf5 Nxf5 21. Rxd8 Rxd8 22. Bxf5 b5 23. e4 a5 24. Re3 Bc8 25. Bxc8 Rxc8 26. e5 Re8 27. Qg4 fxe5 28. Rxe5 Qf7 29. Rxc5 Qe7 30. Re5 Qf7 31. Rxb5 Re1+ 32. Kc2 h6 33. Qc8+ Kh7 34. Qf5+ Qxf5+ 35. Rxf5 Re2+ 36. Kc1 Rxg2 37. a4 Rf2 38. Rxa5 Rxf4 39. Rc5 g5 40. hxg6+ Kxg6 41. a5 h5 42. a6 Rf1+ 43. Kc2 Ra1 44. Rxc4 Rxa6 45. b4 Kg5 46. b5 Rb6 47. Rb4 h4 48. c4 h3 49. Rb1 h2 50. Kc3 Kf5 51. Kb4 Rh6 52. Rh1 Ke6 53. c5 Kd7 54. Ka5 Kc7 55. c6 Rh4 56. b6+ 1/2-1/2

[Event "CZE-chT2a 0405"]
[Site "Czech Republic"]
[Date "2004.11.07"]
[Round "2.2"]
[White "Wunsch, Jiri"]
[Black "Priborsky, Marek"]
[Result "0-1"]
[WhiteElo "2130"]
[BlackElo "2107"]
[PlyCount "72"]
[EventDate "2004.10.17"]
[EventType "team"]
[EventRounds "11"]
[EventCountry "CZE"]
[SourceTitle "EXT 2007"]
[Source "ChessBase"]
[SourceDate "2006.11.23"]
[SourceVersion "1"]
[SourceVersionDate "2006.11.23"]
[SourceQuality "1"]
[WhiteTeam "Kladno"]
[BlackTeam "Plzen IC"]
[WhiteTeamCountry "CZE"]
[BlackTeamCountry "CZE"]

1. d4 Nf6 2. Nf3 g6 3. c4 Bg7 4. Nc3 0-0 5. e4 d6 6. Be2 e5 7. dxe5 dxe5 8. Qxd8 Rxd8 9. Bg5 Rf8 10. 0-0 Nbd7 11. Nd5 c6 12. Ne7+ Kh8 13. Nxc8 Raxc8 14. Rfd1 Nc5 15. Nxe5 Nfxe4 16. Be7 Bxe5 17. Bxf8 Rxf8 18. Rab1 Ne6 19. Bf3 N4g5 20. Rd7 Nc5 21. Rd2 Nxf3+ 22. gxf3 a5 23. b3 Kg7 24. a3 Ne6 25. Rd7 Nc5 26. Rd2 Kf6 27. b4 axb4 28. axb4 Ne6 29. Rd7 b6 30. Rbd1 Ra8 31. Rb7 Bd4 32. Kg2 Ra2 33. Rf1 Rb2 34. b5 cxb5 35. cxb5 Rxb5 36. Ra7 Rb2 0-1